| 000 | 00761nam a2200241 a 4500 | ||
|---|---|---|---|
| 001 | BRCA_4565 | ||
| 005 | 20190320204723.0 | ||
| 008 | 010228s2000 sp-a######---#000-0#spa-# | ||
| 020 | _a8488333404 | ||
| 041 | _aspa | ||
| 044 | _asp | ||
| 050 | 4 |
_aPQ6279 _b.A73 2000 |
|
| 245 | 1 | 0 |
_aArderique _b(Valencia, Juan Viñao, 1517) _cedición de Dorothy Molloy Carpenter. |
| 260 |
_aAlcalá de Henares [España] _bCentro de Estudios Cervantinos _c2000. |
||
| 300 |
_axli, 215 p. _bil. _c24 cm. |
||
| 440 | 0 |
_aLos libros de Rocinante _v7 _911570 |
|
| 500 | _aIncluye tabla de capítulos | ||
| 504 | _aBibliografía: p. xxxix-xli | ||
| 650 | 1 | 4 |
_aLiteratura _zEspaña _911571 |
| 700 | 1 |
_aCarpenter, Dorothy Molloy _eEditora _911572 |
|
| 902 | _aCERV | ||
| 942 |
_2lcc _cB |
||
| 999 |
_c4270 _d4270 |
||